|
|
|
|
| LEADER |
01709nam a22003974a 4500 |
| 001 |
EBC182755 |
| 003 |
MiAaPQ |
| 005 |
20200520144314.0 |
| 006 |
m o d | |
| 007 |
cr cn||||||||| |
| 008 |
030425s2004 nyua sb 001 0 eng |
| 010 |
|
|
|z 2003009676
|
| 015 |
|
|
|a GBA3U8219
|2 bnb
|
| 016 |
7 |
|
|z 010981454
|2 Uk
|
| 020 |
|
|
|z 0415924987 (alk. paper)
|
| 035 |
|
|
|a (MiAaPQ)EBC182755
|
| 035 |
|
|
|a (Au-PeEL)EBL182755
|
| 035 |
|
|
|a (CaPaEBR)ebr10161572
|
| 035 |
|
|
|a (CaONFJC)MIL10865
|
| 035 |
|
|
|a (OCoLC)437055883
|
| 040 |
|
|
|a MiAaPQ
|c MiAaPQ
|d MiAaPQ
|
| 050 |
|
4 |
|a HJ2250
|b .B87 2004
|
| 082 |
0 |
4 |
|a 336.2/009
|2 21
|
| 100 |
1 |
|
|a Burg, David F.
|
| 245 |
1 |
2 |
|a A world history of tax rebellions
|h [electronic resource] :
|b an encyclopedia of tax rebels, revolts, and riots from antiquity to the present /
|c David F. Burg.
|
| 260 |
|
|
|a New York :
|b Routledge,
|c 2004.
|
| 300 |
|
|
|a xxxiv, 502 p. :
|b ill.
|
| 504 |
|
|
|a Includes bibliographical references (p. [457]-465) and index.
|
| 505 |
0 |
|
|a Taxing terms and strategies -- Ancient world -- Early Middle Ages, AD 365-1199 -- Late Middle Ages, 1200-1500 -- Renaissance to enlightenment, 1500-1700 -- Eighteenth century -- Nineteenth century -- Twentieth and twenty-first centuries.
|
| 533 |
|
|
|a Electronic reproduction. Ann Arbor, MI : ProQuest, 2015. Available via World Wide Web. Access may be limited to ProQuest affiliated libraries.
|
| 650 |
|
0 |
|a Taxation
|x Public opinion
|x History.
|
| 650 |
|
0 |
|a Tax and expenditure limitations
|x History.
|
| 650 |
|
0 |
|a Taxation
|x History.
|
| 655 |
|
4 |
|a Electronic books.
|
| 710 |
2 |
|
|a ProQuest (Firm)
|
| 856 |
4 |
0 |
|u https://ebookcentral.proquest.com/lib/matrademy/detail.action?docID=182755
|z Click to View
|